The Inclusive Housing Design Guide / (Record no. 8555)

MARC details
000 -LEADER
fixed length control field 00629nam a22001697a 4500
003 - CONTROL NUMBER IDENTIFIER
control field OSt
005 - DATE AND TIME OF LATEST TRANSACTION
control field 20260303140116.0
008 - FIXED-LENGTH DATA ELEMENTS--GENERAL INFORMATION
fixed length control field 260303b |||||||| |||| 00| 0 eng d
020 ## - INTERNATIONAL STANDARD BOOK NUMBER
International Standard Book Number 9781915722355
040 ## - CATALOGING SOURCE
Transcribing agency n
082 ## - DEWEY DECIMAL CLASSIFICATION NUMBER
Classification number 728 H22 2024
245 ## - TITLE STATEMENT
Title The Inclusive Housing Design Guide /
Statement of responsibility, etc. Habinteg Housing Association
260 ## - PUBLICATION, DISTRIBUTION, ETC.
Name of publisher, distributor, etc. United Kingdom. RIBA Publishing. 2024
300 ## - PHYSICAL DESCRIPTION
Extent 256 pages, 29 cm.
650 ## - SUBJECT ADDED ENTRY--TOPICAL TERM
Topical term or geographic name entry element Architecture — Inclusive housing design — Accessible housing — Universal design in housing — Housing standards and regulations — Residential architecture and building design
942 ## - ADDED ENTRY ELEMENTS (KOHA)
Source of classification or shelving scheme Dewey Decimal Classification
Koha item type English Book
Suppress in OPAC No
Holdings
Withdrawn status Lost status Source of classification or shelving scheme Damaged status Not for loan Home library Current library Date acquired Total Checkouts Full call number Barcode Date last seen Price effective from Koha item type
    Dewey Decimal Classification     CENTRAL TUWAIQ 03/03/2026   728 H22 2024 1000000025778 03/03/2026 03/03/2026 English Book